Most Famous NFL Teams - Statistics

General Stats
  • This quiz has been taken 46 times
  • The average score is 9 of 11
Answer Stats
Percent % Answer % Correct
89 Patriots
88%
90 Chiefs
86%
92 Cowboys
86%
89 Eagles
86%
94 Giants
84%
94 Dolphins
81%
90 49ers
79%
89 Lions
77%
91 Bears
74%
89 Bills
74%
89 Seahawks
63%
No matching quizzes found
Score Distribution
Percent of People with Each Score
Percentile by Number Answered
Your Score History
You have not taken this quiz